000 01004nam a22002537i 4500
005 20251222092641.0
008 250906s2025 |||||||gr|||| 00| 0 ara d
020 _a9789923800539
040 _aJO-AmGAM
_erda
082 1 4 _a305.435
_bع م ا
100 1 _aالعمارات، فارس محمد
_eمؤلف.
245 1 2 _aالمرأة في القوات المسلحة والإعلام العسكري كقوة ناعمة /
_cالدكتور فارس محمد العمارات، ابراهيم محمد الحمامصة.
250 _aالطبعة الأولى.
264 3 1 _aعمان :
_bدار شهرزاد للنشر و التوزيع،
_c2025.
300 _a126 صفحة.
336 _2rdacontent
_aنص
_btxt
337 _2rdamedia
_aدون وسيط عرض
_bn
338 _2rdacarrier
_aمجلد
_bnc
650 1 7 _aدور المرأة.
650 1 7 _aالقوات المسلحة.
700 1 _aالحمامصة، ابراهيم محمد
_eمؤلف.
942 _2ddc
_cBK
999 _c247212
_d247212